| 000 | 00598nam a2200181Ia 4500 | ||
|---|---|---|---|
| 003 | GCL | ||
| 008 | 140319s9999 xx 000 0 ara d | ||
| 040 |
_aGCL / _cGCL |
||
| 082 | 0 | 4 |
_aق _b953.09 _bى ت |
| 100 | 1 | _aيوسف اصاف | |
| 245 | 1 | 0 |
_aتاريخ سلاطين بنى عثمان من اول نشأتها حتى الان / _cيوسف اصاف |
| 300 | _a143 ص | ||
| 490 |
_aصفحات من تاريخ مصر _v0 |
||
| 650 | 0 | 4 | _aمصر |
| 650 | 0 | 4 | _aالامبراطورية العثمانية |
| 650 | 0 | 4 | _aالامبراطورية العثمانية (1517 - 1914) |
| 942 |
_2ddc _cBK |
||
| 999 |
_c40736 _d40736 |
||